000 00451nam a2200181Ia 4500
003 OSt
005 20230608112117.0
008 210423s2007 xx 000 0 und d
040 _cAL
041 _aeng
082 _a371.4
_223
_bVISG
100 _aVISHALA (Mary).
_9122463
245 _aGuidance and counselling
260 _aNew Delhi
_bS Chand & Company Ltd
_c2007
365 _b250
_cINR
906 _acounselling ; Guidance
942 _2ddc
_cBK
999 _c175258
_d175258